Directors of George Clooney Movies - Statistics

General Stats
  • This quiz has been taken 49 times
  • The average score is 30 of 45
Answer Stats
Year Movie Director % Correct
2003 Intolerable Cruelty Joel Coen
100%
2000 O Brother, Where Art Thou? Joel Coen
100%
2016 Hail, Caesar! Joel Coen & Ethan Coen
100%
2008 Burn After Reading Joel Coen & Ethan Coen
100%
2013 Gravity Alfonso Cuarón
97%
2007 Ocean's Thirteen Steven Soderbergh
97%
2006 The Good German Steven Soderbergh
97%
2004 Ocean's Twelve Steven Soderbergh
97%
2002 Solaris Steven Soderbergh
97%
2001 Ocean's Eleven Steven Soderbergh
97%
1998 Out of Sight Steven Soderbergh
97%
2009 Fantastic Mr. Fox Wes Anderson
97%
2020 The Midnight Sky George Clooney
95%
2014 The Monuments Men George Clooney
95%
2011 The Ides of March George Clooney
95%
2008 Leatherheads George Clooney
95%
2005 Good Night, and Good Luck George Clooney
95%
2002 Confessions of a Dangerous Mind George Clooney
95%
2003 Spy Kids 3: Game Over Robert Rodriguez
84%
2001 Spy Kids Robert Rodriguez
84%
1996 From Dusk Till Dawn Robert Rodriguez
84%
1998 The Thin Red Line Terrence Malick
79%
2011 The Descendants Alexander Payne
76%
1997 Batman & Robin Joel Schumacher
76%
2009 Up in the Air Jason Reitman
71%
2022 Ticket to Paradise Ol Parker
71%
1999 South Park: Bigger, Longer & Uncut Trey Parker
71%
1999 Three Kings David O. Russell
68%
2024 IF John Krasinski
58%
2007 Michael Clayton Tony Gilroy
53%
2015 Tomorrowland Brad Bird
47%
2000 The Perfect Storm Wolfgang Petersen
47%
2024 Wolfs Jon Watts
45%
2016 Money Monster Jodie Foster
42%
2005 Syriana Stephen Gaghan
32%
2002 Welcome to Collinwood Anthony Russo & Joe Russo
29%
1997 The Peacemaker Mimi Leder
26%
2009 The Men Who Stare at Goats Grant Heslov
24%
1996 One Fine Day Michael Hoffman
16%
2010 The American Anton Corbijn
13%
1992 Unbecoming Age Alfredo Ringel & Deborah Ringel
11%
1983 Grizzly II: Revenge André Szöts
11%
1987 Return to Horror High Bill Froehlich
11%
1989 Red Surf H. Gordon Boos
11%
1988 Return of the Killer Tomatoes John De Bello
11%
No matching quizzes found
Score Distribution
Percent of People with Each Score
Percentile by Number Answered
Your Score History
You have not taken this quiz